Dîwân de Tarafa Ibn Al-Abd Aal-Bakrî / (Record no. 166025)

MARC details
000 -LEADER
campo de control de longitud fija 01185nam a2200229 i 4500
001 - NÚMERO DE CONTROL
campo de control 166025
003 - IDENTIFICADOR DE NÚMERO DE CONTROL
campo de control ES-MaACL
005 - FECHA Y HORA DE LA ÚLTIMA TRANSACCIÓN
campo de control 20250726075921.0
008 - DATOS DE LONGITUD FIJA--INFORMACIÓN GENERAL
campo de control de longitud fija 051005s1901 fr |||| | fre d
040 ## - FUENTE DE CATALOGACIÓN
Centro catalogador/agencia de origen CAM
Lengua de catalogación spa
Centro/agencia transcriptor CAM
100 1# - ENTRADA PRINCIPAL--NOMBRE DE PERSONA
Nombre de persona Tarafa ibn albd-al-Bakri.
9 (RLIN) 164996
245 10 - MENCIÓN DEL TÍTULO
Título Dîwân de Tarafa Ibn Al-Abd Aal-Bakrî /
Mención de responsabilidad, etc. accompagné du commentaire de Yoûsouf Al-A'lam de Santa Maria, d'après les manuscrits de Paris et de Londres . Suivi d'un Appendice renfermant de nombreuses poésies inédites tirées des manuscrits d'Alger, de Berlin, de Londres et de Vienne / par Max Seligsohn.
260 ## - PUBLICACIÓN, DISTRIBUCIÓN, ETC.
Lugar de publicación, distribución, etc. Paris :
Nombre del editor, distribuidor, etc. Emile Bouillon,
Fecha de publicación, distribución, etc. 1901.
300 ## - DESCRIPCIÓN FÍSICA
Extensión XVI, 171, [144] p. ;
Dimensiones 26 cm.
490 1# - MENCIÓN DE SERIE
Mención de serie Bibliothèque de l'Ecole des Hautes Etudes. Sciences historique et philologiques ;
Designación de volumen o secuencia 128
546 ## - NOTA DE IDIOMA
Nota de lengua/lenguaje Introducción y traducción en francés, texto en arabe.
594 ## - Nota al título y mención de responsabilidad
Nota al título y mención de responsabilidad La segunda secuencia de pag., entre corchetes, corresponde al texto árabe.
700 1# - ENTRADA AGREGADA--NOMBRE PERSONAL
Nombre de persona Seligsohn, Max.
9 (RLIN) 132640
830 00 - PUNTO DE ACCESO ADICIONAL DE SERIE-TÍTULO UNIFORME
Título uniforme Bibliothèque de l'École des Hautes Études
Designación de volumen o secuencia 128
9 (RLIN) 187926
852 ## - LOCALIZACIÓN
Ubicación ES-MaACL
Número de control de estantería C-7646
Nota libre - Enc. hol., conservando cub. original
Holdings
Estatus retirado Estado de pérdida Estado de daño No para préstamo Biblioteca de origen Biblioteca actual Ubicación en estantería Fecha de adquisición Fuente de adquisición Total de préstamos Signatura topográfica completa Código de barras Visto por última vez Precio de reemplazo Tipo de ítem Koha
        Biblioteca del Ateneo de Madrid Biblioteca del Ateneo de Madrid Sala Palomar 17/01/2008     C-7646 1174117 23/02/2023 23/02/2023 Libro impreso antiguo